Breakthrough: an amazing experiment in electronic communication with the dead (Запис № 476427)

МАРК-запис
000 -LEADER
fixed length control field 01622cam a2200349 4500
001 - CONTROL NUMBER
control field breakthroughamaz00raud
003 - CONTROL NUMBER IDENTIFIER
control field CaSfIA
005 - DATE AND TIME OF LATEST TRANSACTION
control field 20210117221645.0
007 - PHYSICAL DESCRIPTION FIXED FIELD--GENERAL INFORMATION
fixed length control field cr||||
008 - FIXED-LENGTH DATA ELEMENTS--GENERAL INFORMATION
fixed length control field 710603s1971 nyu 000 0 eng
035 ## - SYSTEM CONTROL NUMBER
-- (DLC) 75127408
010 ## - LIBRARY OF CONGRESS CONTROL NUMBER
LC control number 75127408
020 ## - INTERNATIONAL STANDARD BOOK NUMBER
International Standard Book Number 0800809653
040 ## - CATALOGING SOURCE
Original cataloging agency DLC
Transcribing agency DLC
Modifying agency DLC
-- CaSfIA
041 1# - LANGUAGE CODE
Language code of text/sound track or separate title engger
050 00 - LIBRARY OF CONGRESS CALL NUMBER
Classification number BF1029
Item number .R3813 1971b
082 00 - DEWEY DECIMAL CLASSIFICATION NUMBER
Classification number 133.93
100 1# - MAIN ENTRY--PERSONAL NAME
Personal name Raudive, Konstantins,
Dates associated with a name 1909-1974.
240 10 - UNIFORM TITLE
Uniform title <a href="Unhörbares wird hörbar.">Unhörbares wird hörbar.</a>
Language of a work English
245 10 - TITLE STATEMENT
Title Breakthrough: an amazing experiment in electronic communication with the dead
Medium [electronic resource]
Statement of responsibility, etc [by] Konstantin Raudive. Translated by Nadia Fowler. Edited by Joyce Morton. With a pref. by Peter Bander.
260 ## - PUBLICATION, DISTRIBUTION, ETC. (IMPRINT)
Place of publication, distribution, etc New York,
Name of publisher, distributor, etc Taplinger
Date of publication, distribution, etc [1971]
300 ## - PHYSICAL DESCRIPTION
Extent xxxi, 391 p.
Dimensions 23 cm.
350 ## - PRICE (NR) (BK AM CF MU VM SE) [OBSOLETE]
Price $10.00
500 ## - GENERAL NOTE
General note Translation of Unhörbares wird hörbar.
500 ## - GENERAL NOTE
General note Accompanied by phonodisc (2 s. 7 in. 33 1/3 rpm. microgroove); includes errata.
506 ## - RESTRICTIONS ON ACCESS NOTE
Standardized terminology for access restriction Необхідна авторизація на https://archive.org/ (створення облікового запису безкоштовно)
506 ## - RESTRICTIONS ON ACCESS NOTE
Standardized terminology for access restriction Необхідна авторизація на https://openlibrary.org/ (створення облікового запису безкоштовно)
650 #0 - SUBJECT ADDED ENTRY--TOPICAL TERM
Topical term or geographic name as entry element Parapsychology
Form subdivision Case studies.
856 41 - ELECTRONIC LOCATION AND ACCESS
Uniform Resource Identifier <a href="http://www.archive.org/details/breakthroughamaz00raud">http://www.archive.org/details/breakthroughamaz00raud</a>
Public note Free eBook from the Internet Archive
856 42 - ELECTRONIC LOCATION AND ACCESS
Uniform Resource Identifier <a href="http://www.openlibrary.org/books/OL5219696M">http://www.openlibrary.org/books/OL5219696M</a>
Public note Additional information and access via Open Library
942 ## - ADDED ENTRY ELEMENTS (KOHA)
Koha item type ЕКнига

Немає доступних примірників.